[Event "21st WCh U20 Girls"]
[Site "Nakhchivan AZE"]
[Date "2003.07.01"]
[Round "9"]
[White "Ismailova, Aytaj"]
[Black "Valickova, Martina"]
[Result "1-0"]
[WhiteElo "2168"]
[BlackElo "2046"]
[EventDate "2003.06.22"]
[PlyCount "87"]

1.e4 e5 2.Nf3 Nc6 3.d4 exd4 4.Nxd4 Bc5 5.Be3 Qf6 6.c3 Nge7 7.Bc4 Ne5 8.Be2
Qg6 9.O-O d6 10.Nd2 Bh3 11.Bf3 O-O 12.Kh1 Nxf3 13.Qxf3 Bd7 14.Qe2 Rae8 15.
Qc4 Qh5 16.a4 Ng6 17.f4 Bb6 18.Rf3 c6 19.Qb3 c5 20.Nc2 Bc6 21.a5 Bd8 22.
Qc4 Kh8 23.b4 d5 24.Qxc5 Be7 25.Qxa7 dxe4 26.Rh3 Qf5 27.Nd4 Qf6 28.Nxc6 
Qxc3 29.Rb1 Qxc6 30.Rh5 f5 31.b5 Qd5 32.Qb6 Rd8 33.Qxg6 h6 34.Qb6 Qa2 35.
Rf1 Rxd2 36.Bxd2 Qxd2 37.Rh3 Rd8 38.Re3 Rc8 39.Ree1 Rc2 40.Qg6 Bh4 41.Rd1 
Qe2 42.a6 Qxb5 43.a7 Ra2 44.Rc1 1-0

[Event "21st WCh U20 Girls"]
[Site "Nakhchivan AZE"]
[Date "2003.07.01"]
[Round "9"]
[White "Nowak, Dominika"]
[Black "Charbonneau, Anne-Marie"]
[Result "1-0"]
[WhiteElo "2098"]
[BlackElo "2052"]
[EventDate "2003.06.22"]
[PlyCount "91"]

1.e4 c5 2.Nf3 e6 3.d4 cxd4 4.Nxd4 Nf6 5.Nc3 d6 6.Be3 a6 7.f3 b5 8.Qd2 Nbd7
9.g4 Nb6 10.g5 Nfd7 11.Qg2 Bb7 12.O-O-O Qc7 13.h4 d5 14.exd5 Nxd5 15.Nxd5 
Bxd5 16.Kb1 O-O-O 17.Rd3 Kb8 18.Nb3 Bc4 19.Rd1 Bd5 20.Qf2 Rc8 21.Bh3 Bd6 
22.Rhg1 Rhd8 23.h5 Bf4 24.Bxf4 Qxf4 25.Bg4 Bxb3 26.axb3 Qc7 27.g6 hxg6 28.
hxg6 f5 29.Bh3 Ne5 30.Rxd8 Rxd8 31.Qe2 Qd6 32.f4 Nc6 33.Re1 Nb4 34.Bg2 Kc7
35.Qf3 Qb6 36.Qc3+ Nc6 37.Bxc6 Qxc6 38.Qxg7+ Kb6 39.Qf7 Re8 40.g7 Qc8 41.
Rxe6+ Rxe6 42.g8=Q Re1+ 43.Ka2 Qxc2 44.Qd8+ Kc5 45.Qfc7+ Kb4 46.Qdd6+ 1-0

[Event "21st WCh U20 Girls"]
[Site "Nakhchivan AZE"]
[Date "2003.07.01"]
[Round "9"]
[White "Saheli, Nath"]
[Black "Morales Mendoza, Luciana"]
[Result "1/2-1/2"]
[WhiteElo "2078"]
[BlackElo "2051"]
[EventDate "2003.06.22"]
[PlyCount "113"]

1.e4 c5 2.Nf3 Nc6 3.d4 cxd4 4.Nxd4 Nf6 5.Nc3 e5 6.Ndb5 Bb4 7.Nd6+ Ke7 8.
Nf5+ Kf8 9.Bd3 d5 10.exd5 Nxd5 11.Bd2 h5 12.Nxd5 Qxd5 13.Ne3 Qd4 14.Bxb4+ 
Qxb4+ 15.Qd2 Qxd2+ 16.Kxd2 Be6 17.c3 Rd8 18.Kc2 Ke7 19.b4 Rc8 20.Kb2 Rhd8 
21.Rhd1 g6 22.a4 f5 23.f3 h4 24.h3 Kf6 25.Bc2 Ne7 26.Bb3 Bxb3 27.Kxb3 Ke6 
28.b5 Nd5 29.Rxd5 Rxd5 30.Nxd5 Kxd5 31.Rd1+ Ke6 32.c4 g5 33.Kb4 b6 34.Rc1 
e4 35.a5 e3 36.a6 Ke5 37.Re1 Kf4 38.Kc3 Rd8 39.Re2 Rd7 40.Kc2 g4 41.fxg4 
fxg4 42.hxg4 h3 43.gxh3 Kf3 44.Rh2 e2 45.Rh1 Kg2 46.Rb1 Rf7 47.Kd2 Kf2 48.
g5 Rh7 49.Rc1 Rxh3 50.c5 bxc5 51.b6 axb6 52.Re1 Re3 53.a7 Re8 54.a8=Q Rxa8
55.Rxe2+ Kf3 56.Re6 b5 57.Rc6 1/2-1/2

[Event "21st WCh U20 Girls"]
[Site "Nakhchivan AZE"]
[Date "2003.07.01"]
[Round "9"]
[White "Verot, Melanie"]
[Black "Yilmaz, Ezgi"]
[Result "1-0"]
[WhiteElo "2092"]
[BlackElo "1986"]
[EventDate "2003.06.22"]
[PlyCount "57"]

1.d4 d5 2.c4 c6 3.Nc3 Nf6 4.e3 e6 5.Nf3 Nbd7 6.Bd3 dxc4 7.Bxc4 b5 8.Bd3 
Bb7 9.Qe2 a6 10.a4 Be7 11.O-O O-O 12.Ne4 Nd5 13.Bd2 h6 14.Rfc1 f5 15.Ng3 
Nb4 16.Bb1 Qe8 17.a5 Nf6 18.e4 fxe4 19.Nxe4 Nbd5 20.Nxf6+ Rxf6 21.Qe4 Bd6 
22.Qh7+ Kf7 23.Ne5+ Ke7 24.Qxg7+ Kd8 25.Qxb7 Nc7 26.Qxc6 Qxc6 27.Rxc6 Ke7 
28.Be4 Rg8 29.Rac1 1-0

[Event "21st WCh U20 Girls"]
[Site "Nakhchivan AZE"]
[Date "2003.07.02"]
[Round "10"]
[White "Sergeeva, Maria"]
[Black "Dzagnidze, Nana"]
[Result "1/2-1/2"]
[WhiteElo "2340"]
[BlackElo "2376"]
[EventDate "2003.06.22"]
[PlyCount "54"]

1.e4 c5 2.Nf3 d6 3.d4 cxd4 4.Nxd4 Nf6 5.Nc3 a6 6.f3 e5 7.Nb3 Be6 8.Be3 Be7
9.Qd2 Nbd7 10.O-O-O b5 11.g4 Nb6 12.g5 Nfd7 13.Nd5 Nxd5 14.exd5 Bf5 15.Na5
O-O 16.Nc6 Qe8 17.Bd3 Bxd3 18.Qxd3 Nb8 19.Nxe7+ Qxe7 20.h4 Nd7 21.h5 f5 
22.f4 Rac8 23.Qa3 Rc4 24.Rhe1 Ra4 25.Qc3 Rc4 26.Qa3 Ra4 27.Qc3 Rc4 1/2-1/2

[Event "21st WCh U20 Girls"]
[Site "Nakhchivan AZE"]
[Date "2003.07.02"]
[Round "10"]
[White "Harika, Dronavalli"]
[Black "Calotescu, Ana-Cristina"]
[Result "1/2-1/2"]
[WhiteElo "2294"]
[BlackElo "2334"]
[EventDate "2003.06.22"]
[PlyCount "164"]

1.Nf3 g6 2.g3 Bg7 3.d4 c5 4.d5 d6 5.c4 Nf6 6.Bg2 O-O 7.O-O e6 8.Nc3 exd5 
9.cxd5 Re8 10.Nd2 a6 11.a4 Nbd7 12.e4 Rb8 13.Nc4 Ne5 14.Nxe5 Rxe5 15.a5 
Re8 16.h3 b5 17.axb6 Rxb6 18.Re1 Rb4 19.f4 Nd7 20.Kh2 Nb6 21.Re2 Nc4 22.
Qc2 Na5 23.Ra3 Bd7 24.Na2 Rd4 25.Nc3 Bb5 26.Nxb5 axb5 27.Rae3 Nc4 28.Rf3 
b4 29.Rd3 Rxd3 30.Qxd3 Nb6 31.b3 Qd7 32.h4 Bd4 33.Be3 Bxe3 34.Rxe3 f6 35.
Bh3 Qc7 36.Qd2 Kg7 37.Re1 Qa7 38.e5 f5 39.Bg2 Qe7 40.Qb2 Kg8 41.Rd1 dxe5 
42.d6 Qg7 43.fxe5 Nd7 44.Bd5+ Kh8 45.Qg2 Nxe5 46.Bc6 Rd8 47.Kh1 Ng4 48.Qf3
Qb2 49.Kg1 Qe5 50.d7 Qf6 51.Bb5 Qe7 52.Qd3 Kg7 53.Qd2 Qe5 54.Qd3 Nf6 55.
Kg2 Ne4 56.Bc6 Nf6 57.Rd2 Ne4 58.Re2 Qd4 59.Qf3 Qd6 60.Bxe4 fxe4 61.Qxe4 
Rxd7 62.Kh2 Rf7 63.Kg2 Qd4 64.Qxd4+ cxd4 65.Rd2 Rd7 66.Kf3 Kf6 67.Ke4 Re7+
68.Kxd4 Kf5 69.Kc4 Re3 70.Kxb4 Rxg3 71.Rd7 h5 72.Kc4 g5 73.hxg5 Kxg5 74.b4
h4 75.b5 h3 76.b6 Kh4 77.b7 Rg8 78.Rd2 Rb8 79.Kc5 Kg3 80.Kc6 h2 81.Rxh2 
Kxh2 82.Kc7 Rxb7+ 1/2-1/2

[Event "21st WCh U20 Girls"]
[Site "Nakhchivan AZE"]
[Date "2003.07.02"]
[Round "10"]
[White "Ubiennykh, Ekaterina"]
[Black "Mamedyarova, Zeinab"]
[Result "1-0"]
[WhiteElo "2293"]
[BlackElo "2298"]
[EventDate "2003.06.22"]
[PlyCount "111"]

1.d4 Nf6 2.Nf3 e6 3.c4 b6 4.a3 Bb7 5.e3 Be7 6.Bd3 O-O 7.O-O d5 8.b3 Nbd7 
9.Nbd2 c5 10.Bb2 Bd6 11.Ne5 cxd4 12.Nxd7 Qxd7 13.exd4 Rac8 14.Nf3 Rc7 15.
Re1 Rfc8 16.Ne5 Qe7 17.Re3 g6 18.Qd2 Qd8 19.Rh3 Bf8 20.Re1 Bg7 21.Qe3 Qf8 
22.Rh4 a5 23.cxd5 Bxd5 24.Nc4 Rb8 25.Qg3 Qd8 26.Bc1 Rd7 27.Bg5 Qc8 28.Bf4 
Bxc4 29.bxc4 Ra8 30.Be5 Ne8 31.Qh3 Bxe5 32.dxe5 h5 33.g4 Qd8 34.Be4 Rd1 
35.Rxd1 Qxd1+ 36.Kg2 Rd8 37.gxh5 g5 38.Qg3 Qc1 39.Rg4 f6 40.exf6 Nxf6 41.
Rxg5+ Kf8 42.Rg6 Nxh5 43.Rg8+ Kf7 44.Qg6+ Ke7 45.Qh7+ Kf6 46.Rg6+ Ke5 47.
Qxh5+ Kd4 48.Bf3 Rf8 49.Rg4+ Kc3 50.Qe5+ Kb3 51.Qb5+ Kxa3 52.c5 Qc2 53.Rg3
Ka2 54.Rg4 Ka3 55.cxb6 Rf5 56.Qf1 1-0

[Event "21st WCh U20 Girls"]
[Site "Nakhchivan AZE"]
[Date "2003.07.02"]
[Round "10"]
[White "Mamedyarova, Turkan"]
[Black "Agaeva, Shahana"]
[Result "1-0"]
[WhiteElo "2222"]
[BlackElo "2107"]
[EventDate "2003.06.22"]
[PlyCount "55"]

1.c4 e5 2.Nc3 f5 3.d4 e4 4.Bf4 Bb4 5.e3 Nf6 6.Be2 O-O 7.Nh3 d6 8.O-O Bxc3 
9.bxc3 Nc6 10.Bg3 Kh8 11.f3 exf3 12.Bxf3 Qe7 13.Qd3 Re8 14.Rae1 Ne4 15.
Bxe4 fxe4 16.Qe2 Bxh3 17.gxh3 Na5 18.Qh5 Nxc4 19.Rf7 Qe6 20.d5 Qc8 21.Ref1
Rg8 22.R1f6 Qe8 23.Re6 Qb5 24.Bf4 Qb1+ 25.Kg2 Qxa2+ 26.Kg3 h6 27.Bg5 Rge8 
28.Rxh6+ 1-0

[Event "21st WCh U20 Girls"]
[Site "Nakhchivan AZE"]
[Date "2003.07.02"]
[Round "10"]
[White "Tania, Sachdev"]
[Black "Saheli, Nath"]
[Result "1-0"]
[WhiteElo "2245"]
[BlackElo "2078"]
[EventDate "2003.06.22"]
[PlyCount "97"]

1.e4 d6 2.d4 g6 3.Nc3 c6 4.a4 Bg7 5.Nge2 Nd7 6.g3 e5 7.Bg2 Ngf6 8.O-O O-O 
9.h3 Re8 10.Re1 exd4 11.Nxd4 d5 12.exd5 Rxe1+ 13.Qxe1 Nxd5 14.Nxd5 cxd5 
15.c3 Ne5 16.Qe2 Nc6 17.Nxc6 bxc6 18.a5 Rb8 19.a6 Be6 20.Be3 Qe7 21.Ra5 
Qd7 22.Kh2 d4 23.cxd4 Bxd4 24.Bxc6 Qd8 25.Rb5 Rc8 26.Bb7 Bc4 27.Qg4 Bxb5 
28.Qxc8 Qxc8 29.Bxc8 Bxe3 30.fxe3 Kg7 31.Kg2 Bc6+ 32.Kf2 Kf6 33.Ke2 Ke5 
34.Kd3 Bb5+ 35.Kc3 Kd6 36.Kb4 Bf1 37.h4 Kc7 38.Bb7 Kb6 39.Bd5 Bxa6 40.Bxf7
Kc6 41.g4 g5 42.hxg5 Bd3 43.Be6 Bg6 44.Bf5 Kd5 45.Kb5 Ke5 46.Bxg6 hxg6 47.
Ka6 Ke4 48.Kxa7 Kxe3 49.b4 1-0

[Event "21st WCh U20 Girls"]
[Site "Nakhchivan AZE"]
[Date "2003.07.02"]
[Round "10"]
[White "Khudaverdieva, Afag"]
[Black "Karavade, Eesha"]
[Result "0-1"]
[WhiteElo "2063"]
[BlackElo "2199"]
[EventDate "2003.06.22"]
[PlyCount "86"]

1.d4 Nf6 2.c4 g6 3.Nc3 d5 4.cxd5 Nxd5 5.e4 Nxc3 6.bxc3 c5 7.Nf3 Bg7 8.Rb1 
Nc6 9.d5 Ne5 10.Nxe5 Bxe5 11.Qd2 b6 12.f4 Bg7 13.Be2 O-O 14.c4 e5 15.O-O 
exf4 16.Qxf4 Qe7 17.Bb2 Bxb2 18.Rxb2 f6 19.Rb3 Bd7 20.Rg3 Kg7 21.h4 Rae8 
22.Bd3 Qe5 23.Qf2 Rf7 24.Rg5 Qc3 25.Rg3 Ref8 26.Rf3 Qe5 27.Bc2 Qb2 28.a4 
Qe5 29.a5 b5 30.cxb5 Bxb5 31.Rb1 a6 32.Qxc5 Rc7 33.Qf2 Rfc8 34.Bd1 Rc1 35.
Rfb3 Qxe4 36.Qd2 Rxb1 37.Kh2 Qxh4+ 38.Rh3 Qg5 39.Re3 Rxd1 40.Re7+ Kf8 41.
Qxd1 Kxe7 42.d6+ Kd7 43.Qf3 Qh5+ 0-1

[Event "21st WCh U20 Girls"]
[Site "Nakhchivan AZE"]
[Date "2003.07.02"]
[Round "10"]
[White "Topel, Zehra"]
[Black "Ismailova, Aytaj"]
[Result "1/2-1/2"]
[WhiteElo "2092"]
[BlackElo "2168"]
[EventDate "2003.06.22"]
[PlyCount "142"]

1.d4 d5 2.Nf3 Nf6 3.c4 e6 4.Nc3 c6 5.Bf4 Bd6 6.Bxd6 Qxd6 7.e3 O-O 8.Qc2 
Nbd7 9.c5 Qe7 10.b4 e5 11.Be2 e4 12.Nd2 Ne8 13.b5 f5 14.Qa4 Qf6 15.Qb3 Kh8
16.g3 f4 17.gxf4 Qh4 18.Nd1 Ndf6 19.bxc6 bxc6 20.Qa4 Bd7 21.Rb1 Nc7 22.Rb7
Nb5 23.Rxd7 Nxd7 24.Bxb5 cxb5 25.Qxb5 Nf6 26.Qb7 a5 27.Rg1 g6 28.Nc3 Rab8 
29.Qc6 Rbd8 30.Nb3 Ng4 31.Rg3 Nxh2 32.Nd2 Nf3+ 33.Nxf3 exf3 34.Nxd5 Qh1+ 
35.Kd2 Qb1 36.Nc3 Qb2+ 37.Kd3 Qxf2 38.Qxf3 Qb2 39.Qh1 Kg8 40.Qe4 Qh2 41.
Rg5 Rde8 42.Qd5+ Kh8 43.Re5 Qh3 44.Ne2 Qf1 45.Qb3 Rb8 46.Qc2 Rb1 47.c6 
Rd1+ 48.Kc4 Re1 49.Kd3 Rd1+ 50.Kc4 Re1 51.Kd3 Rc8 52.d5 Rd1+ 53.Kc4 Re1 
54.Kd3 Rd1+ 55.Kc4 Re1 56.Kc5 Qxe2 57.Qxe2 Rxe2 58.Kd6 Rd2 59.Kd7 Rg8 60.
d6 h5 61.c7 h4 62.Re6 Kh7 63.c8=Q Rxc8 64.Kxc8 h3 65.Re7+ Kh6 66.Re8 Kg7 
67.Re7+ Kg8 68.Re8+ Kg7 69.Re7+ Kg8 70.Re8+ Kg7 71.Re7+ Kg8 1/2-1/2

[Event "21st WCh U20 Girls"]
[Site "Nakhchivan AZE"]
[Date "2003.07.02"]
[Round "10"]
[White "Rajmohan, Mahima"]
[Black "Verot, Melanie"]
[Result "1/2-1/2"]
[WhiteElo "2104"]
[BlackElo "2092"]
[EventDate "2003.06.22"]
[PlyCount "90"]

1.e4 c5 2.c3 d5 3.exd5 Qxd5 4.d4 cxd4 5.cxd4 Nc6 6.Nf3 Bg4 7.Be2 e6 8.Nc3 
Bb4 9.O-O Qa5 10.Qd3 Nf6 11.Be3 O-O 12.a3 Bxc3 13.bxc3 Bf5 14.Qb5 Qxb5 15.
Bxb5 Rac8 16.Nh4 Bc2 17.Rfc1 Bb3 18.Bxc6 bxc6 19.Rab1 Rb8 20.c4 a5 21.Bf4 
Rb7 22.a4 Ne4 23.Nf3 Rd8 24.Rb2 g5 25.Bg3 Nxg3 26.hxg3 Rb4 27.Rcb1 Rdb8 
28.Nxg5 Bxa4 29.Rxb4 Rxb4 30.Ra1 Rxc4 31.Nf3 Kf8 32.Kh2 Ke7 33.Kh3 h6 34.
g4 f5 35.gxf5 exf5 36.Kg3 Kf6 37.Ra3 Bd1 38.Rxa5 Bxf3 39.Kxf3 Rxd4 40.Rc5 
Rd6 41.Kf4 Rd4+ 42.Kf3 Rd6 43.Kf4 Rd4+ 44.Kf3 Rd6 45.Kf4 Rd4+ 1/2-1/2

[Event "21st WCh U20 Girls"]
[Site "Nakhchivan AZE"]
[Date "2003.07.02"]
[Round "10"]
[White "Van der Merwe, Cecile"]
[Black "Nowak, Dominika"]
[Result "1-0"]
[WhiteElo "2068"]
[BlackElo "2098"]
[EventDate "2003.06.22"]
[PlyCount "93"]

1.e4 e5 2.f4 Bc5 3.Nf3 d6 4.Nc3 Nf6 5.Bc4 Nc6 6.d3 Bg4 7.Na4 Nd4 8.Nxc5 
dxc5 9.c3 Nxf3+ 10.gxf3 Nxe4 11.Qa4+ c6 12.Bxf7+ Kxf7 13.Qxe4 Re8 14.fxe5 
Bh3 15.Be3 g6 16.O-O-O Qd5 17.Qh4 Kg8 18.Qxh3 Qxa2 19.f4 Rad8 20.Rhg1 c4 
21.d4 Rd5 22.Rg2 Rb5 23.Rc2 Qa1+ 24.Kd2 Qa2 25.f5 Rxb2 26.Rc1 Rxc2+ 27.
Rxc2 Qa5 28.Qg4 Qd5 29.fxg6 Re6 30.gxh7+ Kxh7 31.Qh5+ Kg7 32.Kc1 Qe4 33.
Qg5+ Rg6 34.Qf4 Qd5 35.Rf2 Qg8 36.Qf5 Qe8 37.Rf3 Qe7 38.Kd1 b5 39.Rg3 Rxg3
40.hxg3 Qa3 41.Qf6+ Kh7 42.Qf7+ Kh8 43.Bh6 Qb3+ 44.Ke2 Qc2+ 45.Kf1 Qd3+ 
46.Kg2 Qe2+ 47.Kh3 1-0

[Event "21st WCh U20 Girls"]
[Site "Nakhchivan AZE"]
[Date "2003.07.02"]
[Round "10"]
[White "Umudova, Nargiz"]
[Black "Mammadova, Nargiz"]
[Result "1/2-1/2"]
[WhiteElo "1922"]
[BlackElo "2122"]
[EventDate "2003.06.22"]
[PlyCount "20"]

1.e4 e5 2.Nf3 Nf6 3.Nxe5 d6 4.Nf3 Nxe4 5.d4 d5 6.Bd3 Bd6 7.O-O O-O 8.c4 c6
9.Re1 Re8 10.Nc3 Nxc3 1/2-1/2

[Event "21st WCh U20 Girls"]
[Site "Nakhchivan AZE"]
[Date "2003.07.02"]
[Round "10"]
[White "Charbonneau, Anne-Marie"]
[Black "Yilmaz, Ezgi"]
[Result "1/2-1/2"]
[WhiteElo "2052"]
[BlackElo "1986"]
[EventDate "2003.06.22"]
[PlyCount "104"]

1.d4 d5 2.c4 c6 3.Nf3 e6 4.e3 Nf6 5.Nc3 Nbd7 6.Qc2 Be7 7.b3 b6 8.Bb2 Bb7 
9.Be2 O-O 10.O-O Re8 11.Nd2 e5 12.dxe5 Nxe5 13.Nxd5 cxd5 14.Bxe5 dxc4 15.
Bxc4 Bc5 16.Bg3 Ne4 17.Nxe4 Bxe4 18.Qb2 Qg5 19.Rfe1 h5 20.Bf1 Re6 21.h4 
Qg4 22.Qe2 Qg6 23.Kh2 Bf5 24.Bf4 Rae8 25.Qf3 a5 26.Be2 Be4 27.Qg3 Qh7 28.
Bf3 Bf5 29.Qg5 Rh6 30.e4 Be6 31.Qe5 Rf6 32.Bg3 Rh6 33.Qc3 Bb4 34.Qd4 Bxe1 
35.Rxe1 Bg4 36.Bxg4 hxg4 37.Qd7 Rhe6 38.e5 g5 39.Qd4 Qf5 40.Re4 gxh4 41.
Rxg4+ Rg6 42.Rxh4 Qe6 43.Qf4 Kg7 44.Qd4 Rh8 45.Rxh8 Kxh8 46.Bh4 Rh6 47.g3 
Kh7 48.Kg2 Qg6 49.Qf4 Qc6+ 50.Kh2 Qg6 51.Kg2 Qc6+ 52.Kh2 Qg6 1/2-1/2

[Event "21st WCh U20 Girls"]
[Site "Nakhchivan AZE"]
[Date "2003.07.03"]
[Round "11"]
[White "Calotescu, Ana-Cristina"]
[Black "Ubiennykh, Ekaterina"]
[Result "1-0"]
[WhiteElo "2334"]
[BlackElo "2293"]
[EventDate "2003.06.22"]
[PlyCount "117"]

1.Nf3 d5 2.c4 e6 3.d4 Nf6 4.g3 dxc4 5.Bg2 a6 6.O-O Nc6 7.e3 Rb8 8.Nfd2 Be7
9.Nxc4 O-O 10.Nc3 Nb4 11.a3 Nbd5 12.e4 Nxc3 13.bxc3 b6 14.Qe2 Bb7 15.a4 b5
16.axb5 axb5 17.Na5 Ba8 18.Nb3 Qc8 19.Bf4 Nd7 20.Ra5 Qb7 21.Rfa1 Bd6 22.
Bd2 e5 23.Ra7 Qc8 24.Bh3 Qd8 25.Rxa8 Rxa8 26.Rxa8 Qxa8 27.Bxd7 Qa2 28.Nc1 
Qa1 29.d5 Ba3 30.Qe3 Qb1 31.Bc6 b4 32.cxb4 Bxb4 33.Qb3 Qxb3 34.Nxb3 Bxd2 
35.Nxd2 Rb8 36.Kf1 Rb4 37.Ke2 Kf8 38.Kd3 Ke7 39.Kc3 Rb8 40.f4 exf4 41.gxf4
f6 42.e5 g5 43.Ne4 gxf4 44.exf6+ Kf7 45.Bd7 f3 46.Be6+ Kg6 47.f7 Kg7 48.
Kd4 Rb4+ 49.Ke3 Rb3+ 50.Kf2 h6 51.Nc5 Rb8 52.Nd7 Rd8 53.Kxf3 Rh8 54.Kf4 h5
55.Ke5 h4 56.Kd4 Rd8 57.f8=Q+ Rxf8 58.Nxf8 Kxf8 59.Kc5 1-0

[Event "21st WCh U20 Girls"]
[Site "Nakhchivan AZE"]
[Date "2003.07.03"]
[Round "11"]
[White "Shukurova, Meihriban"]
[Black "Harika, Dronavalli"]
[Result "1/2-1/2"]
[WhiteElo "2250"]
[BlackElo "2294"]
[EventDate "2003.06.22"]
[PlyCount "109"]

1.e4 c5 2.Nc3 Nc6 3.Nge2 Nf6 4.g3 g6 5.d4 cxd4 6.Nxd4 d6 7.Bg2 Nxd4 8.Qxd4
Bg7 9.Bg5 O-O 10.Qd2 Ng4 11.Nd5 Re8 12.c3 Ne5 13.f4 Nc4 14.Qe2 Nb6 15.Nxb6
Qxb6 16.f5 Bd7 17.Be3 Qa5 18.O-O Rac8 19.Qf2 Bb5 20.fxg6 fxg6 21.Qf7+ Kh8 
22.Qd5 Qa6 23.Rf2 Bc4 24.Qd2 Rf8 25.Bd4 Rxf2 26.Qxf2 Bxd4 27.cxd4 Kg8 28.
d5 Rf8 29.Qd4 e5 30.dxe6 Bxe6 31.e5 dxe5 32.Qxe5 Bf7 33.Rf1 Qxa2 34.Bxb7 
Qc4 35.Bg2 Qb4 36.h4 Qb6+ 37.Kh1 Qe6 38.Qxe6 Bxe6 39.Ra1 Rf7 40.Ra6 Re7 
41.Kg1 Kf7 42.Ra4 Rc7 43.Be4 Kf6 44.Kf2 Bf5 45.Kf3 Bxe4+ 46.Kxe4 Rb7 47.
Ra6+ Kg7 48.Ke5 Rxb2 49.Rxa7+ Kg8 50.g4 Rf2 51.g5 Re2+ 52.Kf6 Rf2+ 53.Ke6 
Re2+ 54.Kf6 Rf2+ 55.Ke6 1/2-1/2

[Event "21st WCh U20 Girls"]
[Site "Nakhchivan AZE"]
[Date "2003.07.03"]
[Round "11"]
[White "Mamedyarova, Zeinab"]
[Black "Tania, Sachdev"]
[Result "1-0"]
[WhiteElo "2298"]
[BlackElo "2245"]
[EventDate "2003.06.22"]
[PlyCount "97"]

1.c4 e5 2.Nc3 Nf6 3.g3 d5 4.cxd5 Nxd5 5.Nf3 Nc6 6.d3 Be7 7.Bg2 Nb6 8.O-O 
O-O 9.Be3 Be6 10.Qc1 Nd5 11.Bd2 f6 12.Rd1 Kh8 13.Ne4 Re8 14.Be1 Nd4 15.
Nxd4 exd4 16.Nc5 Bc8 17.Nb3 Nb6 18.Qf4 Bd6 19.Qh4 c5 20.Rd2 Qe7 21.Rc1 Be6
22.Na5 Rab8 23.Rdc2 Bf5 24.Qh5 Qd7 25.Nxb7 Rxb7 26.Bxb7 Bg4 27.Qh4 g5 28.
Qh6 Qd8 29.Be4 Rxe4 30.dxe4 Bf8 31.Qxf8+ Qxf8 32.f3 Bd7 33.Rxc5 Qd6 34.Bb4
Qe6 35.b3 g4 36.Rd1 Kg7 37.Rxd4 gxf3 38.exf3 Bc8 39.Rc7+ Kg6 40.f4 Qg8 41.
Bd2 Kh5 42.Rc5+ f5 43.exf5 Kg4 44.f6 Kf3 45.Re5 Ba6 46.Re3+ Kg4 47.f5+ 
Kxf5 48.Rf4+ Kg5 49.Re5+ 1-0

[Event "21st WCh U20 Girls"]
[Site "Nakhchivan AZE"]
[Date "2003.07.03"]
[Round "11"]
[White "Van der Merwe, Cecile"]
[Black "Sergeeva, Maria"]
[Result "0-1"]
[WhiteElo "2068"]
[BlackElo "2340"]
[EventDate "2003.06.22"]
[PlyCount "78"]

1.e4 c5 2.Nc3 e6 3.f4 a6 4.Nf3 b5 5.g3 Bb7 6.Qe2 Nc6 7.d3 Qc7 8.Be3 Nf6 9.
Bg2 b4 10.Nd1 Be7 11.O-O d5 12.Nf2 a5 13.e5 Nd7 14.Rfd1 Ba6 15.Qe1 O-O 16.
c3 a4 17.d4 cxd4 18.Nxd4 Rab8 19.Rac1 b3 20.axb3 axb3 21.Ra1 Bc4 22.Nd3 
Ra8 23.Bf1 Nb6 24.Rxa8 Rxa8 25.Ra1 Ra2 26.Rb1 Na4 27.Qc1 g6 28.Ne1 Nxd4 
29.Bxd4 Bxf1 30.Kxf1 Qc4+ 31.Kf2 Nxb2 32.Rxb2 Ba3 33.Rxa2 Bxc1 34.Ra8+ Kg7
35.Rb8 b2 36.Nc2 Qa2 37.Bc5 g5 38.Bf8+ Kg6 39.Be7 Qa7+ 0-1

[Event "21st WCh U20 Girls"]
[Site "Nakhchivan AZE"]
[Date "2003.07.03"]
[Round "11"]
[White "Ismailova, Aytaj"]
[Black "Mamedyarova, Turkan"]
[Result "0-1"]
[WhiteElo "2168"]
[BlackElo "2222"]
[EventDate "2003.06.22"]
[PlyCount "136"]

1.e4 e5 2.Nf3 Nc6 3.d4 exd4 4.Nxd4 Bc5 5.Be3 Qf6 6.c3 Nge7 7.Bc4 O-O 8.O-O
Ne5 9.Be2 d5 10.Nd2 Bb6 11.Kh1 dxe4 12.Nxe4 Qg6 13.Ng3 Nd5 14.Qb3 Nxe3 15.
fxe3 Ng4 16.Bxg4 Bxg4 17.e4 Rae8 18.Rae1 h5 19.Ngf5 c5 20.Nh4 Qg5 21.Ndf5 
g6 22.Nf3 Bxf3 23.gxf3 Qf4 24.Ne3 Bc7 25.Qc2 Qh4 26.Nd5 Bf4 27.Qf2 Qxf2 
28.Rxf2 Bg5 29.Rfe2 Bh4 30.Rd1 Kg7 31.Kg2 Bd8 32.e5 Re6 33.Re4 g5 34.h4 
Rg6 35.hxg5 Rxg5+ 36.Kh2 Rg8 37.f4 Rg4 38.Rg1 Rxg1 39.Kxg1 Kg6 40.Ne3 f5 
41.Rc4 Be7 42.Nd5 Kf7+ 43.Kh2 Bf8 44.Ra4 a6 45.c4 Rg4 46.Ra3 Ke6 47.Rg3 
Be7 48.Kh3 b5 49.b3 b4 50.Rd3 Rh4+ 51.Kg3 Rg4+ 52.Kh3 Rh4+ 53.Kg3 Rg4+ 54.
Kf3 h4 55.Nc7+ Kf7 56.Rd7 h3 57.Nd5 h2 58.Rxe7+ Kg6 59.Re6+ Kh5 60.Nf6+ 
Kh4 61.Nxg4 h1=Q+ 62.Kf2 Kxg4 63.Rg6+ Kxf4 64.e6 Qh2+ 65.Rg2 Qh4+ 66.Kf1 
Kf3 67.e7 Qxe7 68.Rf2+ Kg4 0-1

[Event "21st WCh U20 Girls"]
[Site "Nakhchivan AZE"]
[Date "2003.07.03"]
[Round "11"]
[White "Makka, Ioulia"]
[Black "Topel, Zehra"]
[Result "1-0"]
[WhiteElo "2234"]
[BlackElo "2092"]
[EventDate "2003.06.22"]
[PlyCount "73"]

1.e4 c6 2.d4 d5 3.e5 Bf5 4.Be3 e6 5.Nd2 Nd7 6.c3 Ne7 7.f4 Qc7 8.Nb3 b6 9.
Be2 c5 10.Bf3 c4 11.Nd2 b5 12.Ne2 Nc6 13.g4 Bd3 14.Nc1 Na5 15.a3 Be7 16.
Bf2 f6 17.Nxd3 cxd3 18.O-O fxe5 19.fxe5 O-O 20.Bg2 Nc4 21.Ra2 Nxd2 22.Qxd2
Qc4 23.Raa1 Rac8 24.Be3 a5 25.Rac1 Qb3 26.Rxf8+ Bxf8 27.g5 Nb6 28.Bh3 Nc4 
29.Bxe6+ Kh8 30.Qf2 Rd8 31.Rf1 Be7 32.Qf7 Bxa3 33.bxa3 Qxa3 34.Bc1 Nxe5 
35.Bxa3 Nxf7 36.Bxf7 g6 37.Be7 1-0

[Event "21st WCh U20 Girls"]
[Site "Nakhchivan AZE"]
[Date "2003.07.03"]
[Round "11"]
[White "Mammadova, Nargiz"]
[Black "Verot, Melanie"]
[Result "1-0"]
[WhiteElo "2122"]
[BlackElo "2092"]
[EventDate "2003.06.22"]
[PlyCount "117"]

1.Nf3 d5 2.c4 dxc4 3.e3 Nf6 4.Bxc4 e6 5.O-O Bd6 6.d4 O-O 7.b3 a6 8.Bb2 b5 
9.Bd3 Bb7 10.Nbd2 c5 11.Qe2 cxd4 12.Nxd4 Nc6 13.Nxc6 Bxc6 14.e4 Bf4 15.Nf3
Rc8 16.Rfd1 Qe7 17.a4 bxa4 18.Ba3 Bd6 19.Bxd6 Qxd6 20.Bxa6 Qb4 21.Bxc8 
Rxc8 22.bxa4 Nxe4 23.Ne5 Bxa4 24.Qa6 Qc5 25.Qxc8+ Qxc8 26.Rxa4 f6 27.Rad4 
fxe5 28.Rd8+ Qxd8 29.Rxd8+ Kf7 30.Kf1 Kf6 31.Ke2 Nc3+ 32.Kf3 Nd5 33.Rc8 
Kf5 34.Rf8+ Nf6 35.Rf7 Kg6 36.Re7 e4+ 37.Ke2 Nd5 38.Rxe6+ Kf5 39.Re8 Nf4+ 
40.Kf1 h5 41.g3 Nd3 42.Ke2 Ne5 43.h3 g6 44.Rf8+ Kg5 45.h4+ Kh6 46.Re8 Ng4 
47.Rxe4 Kg7 48.f3 Nf6 49.Re7+ Kh6 50.Kd3 g5 51.Re6 Kg6 52.hxg5 Kxg5 53.Kd4
Kf5 54.Re7 Ng8 55.Re5+ Kg6 56.Kd5 Nf6+ 57.Ke6 Nh7 58.f4 Nf8+ 59.Ke7 1-0

[Event "21st WCh U20 Girls"]
[Site "Nakhchivan AZE"]
[Date "2003.07.03"]
[Round "11"]
[White "Nowak, Dominika"]
[Black "Rajmohan, Mahima"]
[Result "1-0"]
[WhiteElo "2098"]
[BlackElo "2104"]
[EventDate "2003.06.22"]
[PlyCount "49"]

1.e4 c5 2.Nf3 Nc6 3.d4 cxd4 4.Nxd4 g6 5.Be3 Bg7 6.Nc3 Nf6 7.Bc4 O-O 8.Bb3 
d6 9.f3 Bd7 10.Qd2 a6 11.O-O-O b5 12.h4 Na5 13.h5 Nc4 14.Bxc4 bxc4 15.hxg6
fxg6 16.Bh6 Bxh6 17.Qxh6 Rf7 18.g4 Qb6 19.g5 Ne8 20.Nd5 Qa5 21.Nf5 gxf5 
22.g6 Rg7 23.gxh7+ Kh8 24.Nxe7 Nc7 25.Qf6 1-0

[Event "21st WCh U20 Girls"]
[Site "Nakhchivan AZE"]
[Date "2003.07.03"]
[Round "11"]
[White "Saheli, Nath"]
[Black "Khudaverdieva, Afag"]
[Result "1/2-1/2"]
[WhiteElo "2078"]
[BlackElo "2063"]
[EventDate "2003.06.22"]
[PlyCount "51"]

1.b3 d5 2.Bb2 e6 3.e3 Nf6 4.f4 c5 5.Nf3 Be7 6.Be2 Nc6 7.Ne5 Qc7 8.O-O Bd6 
9.d4 Ne4 10.Bd3 O-O 11.Nd2 Nxd2 12.Qxd2 Nb4 13.Qe2 Nxd3 14.cxd3 cxd4 15.
Bxd4 f6 16.Rac1 Qe7 17.Nf3 e5 18.fxe5 fxe5 19.Bb2 Bg4 20.e4 d4 21.h3 Bxf3 
22.Rxf3 Rxf3 23.Qxf3 Rf8 24.Qe2 Qg5 25.Rf1 Rc8 26.Rf5 1/2-1/2

[Event "21st WCh U20 Girls"]
[Site "Nakhchivan AZE"]
[Date "2003.07.03"]
[Round "11"]
[White "Valickova, Martina"]
[Black "Morales Mendoza, Luciana"]
[Result "1/2-1/2"]
[WhiteElo "2046"]
[BlackElo "2051"]
[EventDate "2003.06.22"]
[PlyCount "50"]

1.e4 e6 2.d4 d5 3.exd5 exd5 4.Bd3 Nc6 5.c3 Bd6 6.Qf3 Nf6 7.h3 Qe7+ 8.Ne2 
h6 9.Bf4 Bxf4 10.Qxf4 g5 11.Qf3 g4 12.Qf4 Nh5 13.Qd2 gxh3 14.gxh3 Bd7 15.
Na3 O-O-O 16.O-O-O Qh4 17.Qe3 Rdg8 18.Qf3 Ne7 19.Nc2 Be6 20.Ne3 c6 21.Rdg1
Rxg1+ 22.Rxg1 Rg8 23.Rxg8+ Nxg8 24.Nf5 Qg5+ 25.Kc2 Bxf5 1/2-1/2

[Event "21st WCh U20 Girls"]
[Site "Nakhchivan AZE"]
[Date "2003.07.03"]
[Round "11"]
[White "Yilmaz, Ezgi"]
[Black "Umudova, Nargiz"]
[Result "0-1"]
[WhiteElo "1986"]
[BlackElo "1922"]
[EventDate "2003.06.22"]
[PlyCount "144"]

1.e4 c6 2.d4 d5 3.exd5 cxd5 4.Bd3 Nc6 5.c3 Nf6 6.Bf4 g6 7.Nf3 Bg7 8.Nbd2 
O-O 9.O-O Bf5 10.Bxf5 gxf5 11.Ne5 Qb6 12.Rb1 e6 13.Ndf3 Ne7 14.Qc1 Qa6 15.
Bg5 Rfe8 16.Bxf6 Bxf6 17.Nd7 Bg7 18.Qg5 h6 19.Qg3 Ng6 20.Nfe5 Qd6 21.f4 
Kh7 22.Nc5 Nxe5 23.fxe5 Qe7 24.Nd3 Rg8 25.Rbe1 Bh8 26.Qf3 Rg4 27.Nf4 Rag8 
28.Re2 b5 29.Nxd5 exd5 30.Qxf5+ R8g6 31.Qxf7+ Qxf7 32.Rxf7+ Rg7 33.e6 Rxf7
34.exf7 Rf4 35.Re7 Kg7 36.Rxa7 Rxf7 37.Ra6 b4 38.Rd6 bxc3 39.bxc3 Rc7 40.
Rxd5 Rxc3 41.Rd7+ Kg6 42.a4 Rc4 43.d5 Rxa4 44.Rd6+ Kg5 45.Rd7 Ra2 46.g3 
Rd2 47.Rd8 Bf6 48.Rg8+ Kf5 49.Rb8 Be5 50.Rg8 Ke4 51.Rf8 Bd4+ 52.Kh1 Kxd5 
53.Rf1 Ke4 54.Rf4+ Ke3 55.Rf1 Re2 56.Rd1 Bc3 57.Rf1 Bd2 58.Rf7 Kd3 59.Rf1 
Be3 60.Rd1+ Ke4 61.Rf1 Rd2 62.Rf7 Bd4 63.Rf1 h5 64.Rf7 Be5 65.Rf1 h4 66.
gxh4 Rxh2+ 67.Kg1 Rxh4 68.Re1+ Kf4 69.Rf1+ Kg3 70.Rd1 Bd4+ 71.Kf1 Kf3 72.
Rd3+ Be3 0-1